El ladrón /

保存先:
書誌詳細
第一著者: Darien, Georges (autor)
その他の著者: Bretón, André (prólogo) (prólogo)
フォーマット: 図書
言語:スペイン語
出版事項: México : CONACULTA, 1998, c1998
シリーズ:(Torre Abolida)
主題:
タグ: タグ追加
タグなし, このレコードへの初めてのタグを付けませんか!

MARC

LEADER 00000nam^a2200000^a^4500
001 000165643
005 20250521000000.0
009 20260310101025.396
020 |a 970-18-1228-X 
037 |a Acervo ITESO - Biblioteca 
041 |a ESP 
082 |a 843.  |b DAR 
100 |a Darien, Georges  |e (autor) 
240 1 4 |a [El ladrón, novela de Georges Darien] 
245 1 3 |a El ladrón /  |c G. Darien ; pról. de A. Bretón ; tr. por Fabienne Badu. 
264 4 |a México :  |b CONACULTA,  |c 1998, c1998 
300 |a 349 p. 
336 |a texto  |b txt  |2 rdacontenido 
337 |a sin mediación  |b n  |2 rdamedio 
338 |a volumen  |b nc  |2 rdasoporte 
440 1 |a (Torre Abolida) 
500 |a Traducción de: Le voleur 
649 |a XX 
650 |a Novela Francesa 
650 |a Literatura Francesa -  |y Siglo XIX 
700 |a Bretón, André  |e (prólogo) 
910 |a Fondo General 
920 |a Impresos - Libros 
930 |a Colección General 
940 |a Literatura 
905 |a 101 
901 |a 0500101106  |b IT1  |c LIT  |u 20250521 
902 |a https://opac.biblio.iteso.mx/vufind/Record/000165643